000 00854nac a22002297a 4500
001 BR9400131
003 BR-BrBNA
005 20240105121509.0
008 230509b bl.|||m| |||| 00| 0 por d
040 _aBR-BrBNA
_bpor
_cBiblioteca Nacional de Agricultura
072 _aD50; F04
090 _a3840 BR9400131
110 1 _aCoordenadoria de Assistencia Tecnica Integral, Campinas, SP (Brasil). Depto. de Extensao Rural
_92967
245 1 _aNormas operacionais do programa de doacao e distribuicao de gesso agricola
260 3 _aCampinas, SP (Brasil):
_c1992.
300 _a8 p.
490 _aComunicado Tecnico - Coordenadoria de Assistencia Tecnica Integral. Depto. de Extensao Rural (Brazil)
_vno. 90
_xISSN 0100-3607
650 _aGesso
650 _aAbastecimento
909 _a202312
_bLúcia Elande
_c55
_dLúcia Elande
942 _2AGRIS
_n0
_cMS
999 _c285637
_d285637